LIBRARY & INFORMATION CENTRE, KCAET, TAVANUR

ONLINE PUBLIC ACCESS CATALOGUE (OPAC)

Top 1000 scientists from the beghinning of time to 2000 AD / (Record no. 13535)

MARC details
000 -LEADER
fixed length control field 00465cam a2200169ua 4500
041 ## - LANGUAGE CODE
Language code of text/sound track or separate title eng
082 ## - DEWEY DECIMAL CLASSIFICATION NUMBER
Classification number 925.08
Item number BAR/TO
100 ## - MAIN ENTRY--AUTHOR NAME
Personal name Barker, Philip .
245 ## - TITLE STATEMENT
Title Top 1000 scientists from the beghinning of time to 2000 AD /
260 ## - PUBLICATION, DISTRIBUTION, ETC. (IMPRINT)
Place of publication Hyderabad :
Name of publisher Universities press India Pvt Ltd ,
Year of publication 2002.
300 ## - PHYSICAL DESCRIPTION
Number of Pages ; .
942 ## - ADDED ENTRY ELEMENTS (KOHA)
Koha item type Books
Holdings
Withdrawn status Lost status Damaged status Home library Current library Date acquired Full call number Accession Number Koha item type
      KAUAET KAUAET 07/04/2012 925.08 BAR/TO 21970 Books
free website counter